La República ser, poder y deber ser /
El ensayo repasa las debilidades del sistema institucional actual y demanda la formación de una república de ciudadanos pensantes, la instauración de una nueva filosofía del costarricense, afín a nuestros tiempos, crítica y activa. Se trata de forjar una identidad para enfrentar al futuro. Reinventa...
Bewaard in:
| Hoofdauteur: | |
|---|---|
| Formaat: | Texto |
| Onderwerpen: | |
| Tags: |
Voeg label toe
Geen labels, Wees de eerste die dit record labelt!
|
MARC
| LEADER | 00000 a a2200000 04500 | ||
|---|---|---|---|
| 001 | 17108 | ||
| 003 | |||
| 040 | |||
| 100 | |a Ortiz Chinchilla, Jimmy | ||
| 245 | |a La República ser, poder y deber ser / |c Jimmy Ortiz Chinchilla | ||
| 520 | |a El ensayo repasa las debilidades del sistema institucional actual y demanda la formación de una república de ciudadanos pensantes, la instauración de una nueva filosofía del costarricense, afín a nuestros tiempos, crítica y activa. Se trata de forjar una identidad para enfrentar al futuro. Reinventarse, propiciar las alas para el vuelo. Para emprenderlo es indispensable seriedad, respeto y trato inteligente para todos y cada uno de los ciudadanos que conforman esta heterogénea y rica nación. REV//JMML | ||
| 650 | |a SISTEMAS POLITICOS | ||
| 650 | |a ECONOMIA | ||
| 650 | |a POLITICOS | ||
| 650 | |a CULTURA | ||
| 650 | |a ANALISIS HISTORICO | ||
| 773 | |g volumen 6, número 3; páginas 105-113 | ||
| 999 | |c 36796 |d 36796 | ||
